[Event "Wloclawek CC Classic 15th"]
[Site "Wloclawek"]
[Date "2016.??.??"]
[Round "5"]
[White "Prokopczyk, Jakub"]
[Black "Graczyk, Piotr"]
[Result "0-1"]
[WhiteElo "1000"]
[BlackElo "1306"]
[PlyCount "38"]
[EventDate "2016.01.??"]
[EventType "swiss"]
[EventRounds "7"]
[EventCountry "POL"]
[SourceTitle "EXT 2021"]
[Source "ChessBase"]
[SourceDate "2020.10.23"]
[SourceVersion "1"]
[SourceVersionDate "2020.10.23"]
[SourceQuality "1"]

1. e4 e5 2. Nf3 Nc6 3. Bb5 a6 4. Bxc6 dxc6 5. Nxe5 Qd4 6. Nxf7 Qxe4+ 7. Qe2 Qxe2+ 8. Kxe2 Kxf7 9. b3 Bf5 10. d3 Nf6 11. Ba3 Bxa3 12. Nxa3 Rhe8+ 13. Kf3 h5 14. Rhe1 g5 15. Rxe8 Rxe8 16. h3 Bd7 17. Rg1 c5 18. g4 h4 19. c3 Bc6# 0-1

[Event "Wloclawek CC Classic 15th"]
[Site "Wloclawek"]
[Date "2016.??.??"]
[Round "3"]
[White "Prokopczyk, Jakub"]
[Black "Milecki, Robert"]
[Result "0-1"]
[WhiteElo "1000"]
[BlackElo "1539"]
[PlyCount "66"]
[EventDate "2016.01.??"]
[EventType "swiss"]
[EventRounds "7"]
[EventCountry "POL"]
[SourceTitle "EXT 2021"]
[Source "ChessBase"]
[SourceDate "2020.10.23"]
[SourceVersion "1"]
[SourceVersionDate "2020.10.23"]
[SourceQuality "1"]

1. e4 e5 2. Nf3 Nc6 3. Bb5 a6 4. Bxc6 dxc6 5. Nxe5 Qd4 6. Nxf7 Qxe4+ 7. Qe2 Qxe2+ 8. Kxe2 Kxf7 9. b3 Bf5 10. c3 Nf6 11. Re1 Re8+ 12. Kd1 Bc2+ 13. Kxc2 Rxe1 14. Ba3 Bxa3 15. Nxa3 Rxa1 16. Kb2 Rf1 17. f3 Rd8 18. d4 Rf2+ 19. Nc2 Re8 20. Kb1 Rf1+ 21. Kb2 Re2 22. c4 Rff2 23. Kc3 Rxc2+ 24. Kd3 Rxg2 25. d5 cxd5 26. cxd5 Rgd2+ 27. Ke3 Nxd5+ 28. Ke4 g6 29. f4 Kf6 30. Kf3 Kf5 31. Kg3 Rg2+ 32. Kh4 Rg4+ 33. Kh3 Rc3# 0-1